000
00214nam a2200097Ia 4500
008
240331s9999 xx 000 0 und d
082
_b
NAM
100
_a
Namboodripad, E.M.S
245
0
_a
Vethankalin naadu
942
_c
L
999
_c
2133
_d
2133